000 00805nas a2200277 4500
001 BR2011003456
003 BR-BrBNA
005 20231205115030.0
007 ta
008 230509b bl.|||p| |||| 00| 00por d
040 _aBR-BrBNA
_bpor
_cBiblioteca Nacional de Agricultura
041 _a(En)
072 _aP31
100 1 _aGiasson, E.
100 1 _aSarmento, E.C.
100 1 _aWeber, E.
100 1 _aFlores, C.A.
100 1 _aHasenack, H.
245 1 _aDecision trees for digital soil mapping on subtropical basaltic steeplands
650 _aSOLO
650 _aRECONHECIMENTO DO SOLO
650 _aMAPA
773 0 _tScientia Agricola (Brazil)
_xISSN 0103-9016
_g(Mar-Apr 2011), v. 68(2) p. 167-174
_wBR2011003456
909 _a202311
_bLúcia
_c55
_dLúcia Elande
942 _2AGRIS
_n0
_cANA
999 _c211750
_d211750